000 00320nam a22001337a 4500
005 20250901165819.0
008 250409b |||||||| |||| 00| 0 eng d
020 _a9966497668
050 _aPL 8704.S53 2003
245 _aHAINI
_cSHAFI ADAM
260 _aNAIROBI
_bLONGHORN PUBLISHERS
_c2003
300 _a272
942 _2lcc
999 _c9571
_d9571